[Event "FRA-ch U14 Girls"]
[Site "Troyes"]
[Date "2010.04.14"]
[Round "5"]
[White "Bertrand, Meryl"]
[Black "Rigolot, Lucie"]
[Result "1-0"]
[WhiteElo "1632"]
[BlackElo "1900"]
[PlyCount "59"]
[EventDate "2010.04.11"]
[EventType "swiss"]
[EventRounds "9"]
[EventCountry "FRA"]
[SourceTitle "EXT 2012"]
[Source "ChessBase"]
[SourceDate "2011.11.24"]
[SourceVersion "1"]
[SourceVersionDate "2011.11.24"]
[SourceQuality "1"]

1. e4 c5 2. Nf3 a6 3. c4 e6 4. d4 cxd4 5. Nxd4 Nf6 6. Bd3 Nc6 7. Nxc6 dxc6 8. Be3 e5 9. h3 Be6 10. 0-0 Be7 11. Nc3 Nd7 12. Qe2 Bc5 13. b3 Bd4 14. Rac1 Nc5 15. Rfd1 Qh4 16. Bb1 Bxe3 17. Qxe3 Qe7 18. Rd2 0-0 19. Rcd1 a5 20. Bc2 Nd7 21. Kh1 Nf6 22. Qg3 Qc7 23. Rd6 Rfe8 24. Qe3 h6 25. R1d2 Nh5 26. Ne2 Nf4 27. Kh2 Ng6 28. Kh1 Nf4 29. Kh2 Kh8 30. Qc3 1-0

[Event "FRA-ch U14 Girls"]
[Site "Troyes"]
[Date "2010.04.13"]
[Round "4"]
[White "Bertrand, Meryl"]
[Black "Vallat, Julie"]
[Result "1-0"]
[WhiteElo "1632"]
[BlackElo "1510"]
[PlyCount "57"]
[EventDate "2010.04.11"]
[EventType "swiss"]
[EventRounds "9"]
[EventCountry "FRA"]
[SourceTitle "EXT 2012"]
[Source "ChessBase"]
[SourceDate "2011.11.24"]
[SourceVersion "1"]
[SourceVersionDate "2011.11.24"]
[SourceQuality "1"]

1. e4 e5 2. Nf3 Nc6 3. Bc4 Bc5 4. c3 Nf6 5. d3 d6 6. 0-0 Bg4 7. Nbd2 0-0 8. h3 Bh5 9. Re1 Re8 10. a4 d5 11. exd5 Nxd5 12. d4 exd4 13. Rxe8+ Qxe8 14. Bxd5 Rd8 15. Bxc6 Qxc6 16. Nb3 d3 17. Nxc5 Qxc5 18. g4 Bg6 19. Bd2 f5 20. Nh4 fxg4 21. Qxg4 Qh5 22. Nxg6 Qxg6 23. Qxg6 hxg6 24. Rd1 Kf8 25. Be3 a5 26. Bd4 Rd6 27. Bc5 Kf7 28. Bxd6 cxd6 29. Rxd3 1-0

[Event "FRA-ch U14 Girls"]
[Site "Aix les Bains"]
[Date "2009.04.24"]
[Round "7"]
[White "Afraoui, Solenn"]
[Black "Bertrand, Meryl"]
[Result "1-0"]
[WhiteElo "1840"]
[BlackElo "1610"]
[PlyCount "65"]
[EventDate "2009.04.19"]
[EventType "swiss"]
[EventRounds "9"]
[EventCountry "FRA"]
[SourceTitle "CBM 130 Extra"]
[Source "ChessBase"]
[SourceDate "2009.07.02"]
[SourceVersion "2"]
[SourceVersionDate "2009.07.15"]
[SourceQuality "1"]

1. Nf3 d5 2. d4 Nf6 3. g3 Bf5 4. Bg2 e6 5. 0-0 Nbd7 6. Nbd2 h5 7. h3 Be7 8. c4 c6 9. a3 Ne4 10. Qb3 Qc7 11. cxd5 exd5 12. Nxe4 Bxe4 13. Bf4 Bd6 14. Bxd6 Qxd6 15. Qxb7 0-0 16. Qb3 Qf6 17. Qc3 Rfc8 18. Rac1 Rab8 19. b4 Nb6 20. Ne5 Bxg2 21. Kxg2 Qe6 22. Qf3 g6 23. Rc2 Nd7 24. Nxd7 Qxd7 25. Rfc1 Rb7 26. Qf6 Rbc7 27. Rc5 Kh7 28. e3 Kg8 29. f3 Qe8 30. Kf2 Qd7 31. g4 hxg4 32. hxg4 a6 33. Rh1 1-0

[Event "FRA-ch U14 Girls"]
[Site "Aix les Bains"]
[Date "2009.04.22"]
[Round "5"]
[White "Monpeurt, Cyrielle"]
[Black "Bertrand, Meryl"]
[Result "1-0"]
[WhiteElo "1755"]
[BlackElo "1610"]
[PlyCount "61"]
[EventDate "2009.04.19"]
[EventType "swiss"]
[EventRounds "9"]
[EventCountry "FRA"]
[SourceTitle "CBM 130 Extra"]
[Source "ChessBase"]
[SourceDate "2009.07.02"]
[SourceVersion "2"]
[SourceVersionDate "2009.07.15"]
[SourceQuality "1"]

1. e4 e5 2. Nf3 Nc6 3. Bb5 Bc5 4. 0-0 Nf6 5. Re1 0-0 6. c3 d6 7. h3 Re8 8. d4 exd4 9. cxd4 Bb4 10. Bd2 Rxe4 11. Rxe4 Nxe4 12. Bxc6 Nxd2 13. Bd5 Nxf3+ 14. Qxf3 Qf6 15. Bxb7 Qxf3 16. Bxf3 Rb8 17. Nc3 Bxc3 18. bxc3 Bb7 19. Rb1 Kf8 20. Rxb7 Rxb7 21. Bxb7 Ke7 22. Kf1 Ke6 23. Ke2 c5 24. Kd3 cxd4 25. Kxd4 Ke7 26. Kd5 f6 27. Bc8 h6 28. Kc6 g6 29. Kb7 Kd8 30. Be6 Ke7 31. Bb3 1-0

[Event "FRA-ch U10 Girls"]
[Site "Aix les Bains"]
[Date "2006.??.??"]
[Round "6"]
[White "Legrand, Claire"]
[Black "Bertrand, Meryl"]
[Result "1/2-1/2"]
[WhiteElo "1430"]
[BlackElo "1370"]
[PlyCount "80"]
[EventDate "2006.04.16"]
[EventType "swiss"]
[EventRounds "9"]
[EventCountry "FRA"]
[SourceTitle "EXT 2007"]
[Source "ChessBase"]
[SourceDate "2006.11.23"]
[SourceVersion "1"]
[SourceVersionDate "2006.11.23"]
[SourceQuality "1"]

1. e4 e5 2. Nf3 Nc6 3. d4 f6 4. d5 Nce7 5. Nc3 d6 6. Be3 c6 7. Bc4 a5 8. 0-0 b5 9. Be2 b4 10. Na4 Bd7 11. Nd2 cxd5 12. Nb6 d4 13. Bxd4 exd4 14. Nxa8 Qxa8 15. Bf3 Bc6 16. Qe2 Qb7 17. Nc4 Qc7 18. Rad1 Bb5 19. Rxd4 Nc8 20. b3 Nge7 21. Qd2 Bxc4 22. Rxc4 Qd8 23. Bg4 g6 24. Qd4 Bg7 25. Qd3 0-0 26. Be6+ Kh8 27. Qh3 Ng8 28. Rxc8 Qe7 29. Bxg8 Rxg8 30. Rxg8+ Kxg8 31. Qd3 Qe5 32. Qd5+ Qxd5 33. exd5 Kf7 34. Re1 Bh6 35. c4 Bd2 36. Re2 Bc3 37. c5 dxc5 38. d6 Be5 39. d7 Ke7 40. Rc2 Bd6 1/2-1/2